Antología de leyendas y tradiciones
Uloženo v:
| Hlavní autor: | |
|---|---|
| Médium: | Kniha |
| Jazyk: | španělština |
| Vydáno: |
Santiago
Universitaria
1974
|
| Edice: | Colección Libro El Estudiante, 12
|
| Témata: | |
| Tagy: |
Přidat tag
Žádné tagy, Buďte první, kdo vytvoří štítek k tomuto záznamu!
|
MARC
| LEADER | 00000nam a2200000 a 4500 | ||
|---|---|---|---|
| 001 | UCX5774 | ||
| 003 | CL-VaPUC | ||
| 008 | 930118e19740000CL |||||||||||||||||spa|d | ||
| 082 | 0 | 4 | |a 808.803 |b CAL |2 21 |
| 100 | 0 | |a Calderón, Alfonso |e author |9 322150 | |
| 245 | 1 | 0 | |a Antología de leyendas y tradiciones |
| 300 | |a 168 p | ||
| 942 | |c BK | ||
| 945 | |d 19930118 00:00:00 | ||
| 260 | |a Santiago |b Universitaria |c 1974 | ||
| 650 | 7 | |a LEYENDAS |2 CL-VaPUC |9 265258 | |
| 650 | 0 | |a Literatura folklórica |9 306605 | |
| 583 | |a last modification |c 19930118 00:00:00 |k Rodrigo Vera | ||
| 490 | 0 | |a Colección Libro El Estudiante, 12 | |
| 999 | |c 225956 |d 225954 | ||
| 952 | |0 0 |1 0 |4 0 |6 808_803000000000000_CAL_1974 |7 0 |8 A |9 223936 |a BIBEDU |b BIBEDU |d 2019-11-15 |i 2927373 |o 808.803 CAL 1974 |p 2927373 |r 2019-11-15 |w 2019-11-15 |y BK |k LIT | ||
| 952 | |0 0 |1 0 |4 0 |6 808_803000000000000_CAL_1974 |7 0 |8 A |9 223937 |a BIBEDU |b BIBEDU |d 2019-11-15 |i 2927381 |o 808.803 CAL 1974 |p 2927381 |r 2019-11-15 |w 2019-11-15 |y BK |k LIT | ||